Statistics for 1-50 typing (15 sec version)

Click here to take the quiz!

General Stats

  • This quiz has been taken 122 times
  • The average score is 27 of 50

Answer Stats

Number% Correct
1
100%
2
97%
3
94%
4
94%
5
94%
6
94%
7
94%
8
94%
9
94%
10
86%
11
83%
12
83%
13
77%
14
74%
15
74%
16
71%
17
71%
18
71%
19
71%
20
69%
21
69%
22
66%
23
60%
24
57%
25
54%
26
54%
27
54%
28
54%
29
54%
30
51%
31
49%
32
40%
33
34%
34
31%
35
31%
36
31%
37
31%
38
26%
39
26%
40
17%
41
17%
42
17%
43
17%
44
14%
45
14%
46
14%
47
11%
48
11%
49
11%
50
9%

Score Distribution

Percentile by Number Answered

Percent of People with Each Score

Your Score History

You have not taken this quiz